| 000 | 01118nam a2200253Ia 4500 | ||
|---|---|---|---|
| 001 | 956.6-LAN da ar (19049) | ||
| 003 | IT-MiSPE | ||
| 008 | 171229s9999||||xx |||||||||||||| ||und|| | ||
| 040 |
_aIT-MiSPE _cIT-MiSPE |
||
| 041 | _aITALIANO | ||
| 100 | _aDavid Marshall Lang | ||
| 240 | _aThe Armenians: A people in exile | ||
| 245 | 0 |
_aArmeni _bUn popolo in esilio |
|
| 250 | _a1a ed. (v) | ||
| 260 |
_aBologna _bCalderini _c1989 |
||
| 300 |
_aXII, 204 p. _c21 cm |
||
| 500 | _aArmenia | ||
| 501 | _aEdizioni San Paolo srl - Piazza Soncino, 5 - 20092 CINISELLO BALSAMO (MI) (non commercial uses only) ® Copyright 2018 | ||
| 520 | _aTav., cart. geo. Appendice: La comunità armena in Italia | ||
| 700 |
_aFrancesco Zueneli _g(traduzione) |
||
| 942 | _cBK | ||
| 957 | _71 | ||
| 999 |
_a5455 _bNO _g Copie: 1 _c357596 _d357596 |
||